00509nam a22001337a 4500003000900000005001700009008004100026040002300067082001400090245016100104260005000265300002200315650003800337BDDh-ASL20231015030459.0210713s1972 ii ||||| |||| 00| 0 eng d aBDDh-ASLcBDDh-ASL a954bIND 00aIndian History Congress: Proceedings of the Thirty Third Session Muzaffarpur, 1972 / cPublished by Prof. Satish Chandra, Secretry Indian History Congress.  aDelhi:bJawaharlal Nehru University, c1972.  a725 p. :c24 cm.  0aIndian History CongressxHistory